| 000 | 00720nam a2200217 a 4500 | ||
|---|---|---|---|
| 005 | 20210223121907.0 | ||
| 008 | 991125s1982 mx 000 0 spa u | ||
| 020 | _a8432036269 | ||
| 035 | _aUPN01000025603 | ||
| 049 | _aCG | ||
| 050 | 4 |
_aQB500 _bS2.3 |
|
| 100 | 1 |
_aSagan, Carl, _d1934-1996 _929894 |
|
| 245 | 1 | 0 |
_aCosmos / _cCarl Sagan ; tr. Miquel Muntaner i Pascual. |
| 260 |
_aBarcelona, Esp. : _bPlaneta, _c1982. |
||
| 300 |
_axv,365 p. : _bil. col. |
||
| 440 | 0 | _aDocumento | |
| 500 | _a"Una evolución cósmica de quince mil millones de años que ha transformado la materia en vida y consciencia" | ||
| 534 |
_pTítulo original: _tCosmos |
||
| 650 | 4 |
_aASTRONOMIA - _xTRABAJOS POPULARES _98098 |
|
| 905 | _aLibro | ||
| 999 |
_c25603 _d25603 |
||